| 000 | 01117nam a2200313 a 4500 | ||
|---|---|---|---|
| 001 | 000026137 | ||
| 003 | CO-MqBPB | ||
| 005 | 20220418094137.0 | ||
| 008 | 050210s2004 col gr 000 d | ||
| 020 | _a9587041453 | ||
| 040 |
_aCO-MqBPB _bspa _cCO-MqBPB |
||
| 090 |
_aAN _bRESL |
||
| 100 | 0 | _aRestrepo, Laura | |
| 245 | 1 | 0 |
_aDelirio / _cLaura Restrepo. |
| 250 | _a1a. ed. | ||
| 260 |
_aBogotá : _bAlfaguara, _c2004. |
||
| 300 | _a342p. | ||
| 500 | _aReposición por # de acceso 013015577, El sabueso de los Baskerville, para la biblioteca ICEF | ||
| 500 | _aDonación Ej. 2 de Chicalá. Premio Santillana 2005 | ||
| 500 | _aPlan Lector Biblioteca Icef ; 12a. reimpresion de 2006 | ||
| 500 | _aEj.1 de Mosquera donado por la Biblioteca Nacional - PNLB 2012. | ||
| 500 | _aPremio Alfaguara 2004 ; Premio Grinzane Cavour 2006 a mejor novela extranjera | ||
| 650 | 1 | 4 | _aNOVELA COLOMBIANA |
| 650 | 1 | 4 | _aLITERATURA COLOMBIANA |
| 650 | 1 | 4 | _aNOVELA SOCIAL |
| 901 | _aCompra : Alfaguara, Agosto 19/04, $20.800 | ||
| 901 | _aEjs. Biblioteca Icef, Compra Aguilar, 2007, $27.300.00 | ||
| 942 |
_2ddc _cBKLIT |
||
| 999 |
_c1438 _d1438 |
||